000 00295nam a22001337a 4500
008 170814b xxu||||| |||| 00| 0 eng d
020 _a9780538432535
041 _aeng
080 _215 ED
_a51
100 _a36
101 _aMAT
245 _aBUSINESS MATH
_cKACZMARSKI.S
942 _2udc
_cBK
999 _c23385
_d23385